000 00642nam a22002177a 4500
005 20170124110010.0
010 _aA-775730
020 _c50.00
035 _aA-775730
037 _bCen Lib/ Ret
040 _aDPL
_bEN
082 _a302.14
_bMUK
100 _aMukerjee, Hiren
_914898
245 _aThe stalin legancy :
_cby Hiren Mukerjee
_bivory flawed but ivory still /
260 _aCalcutta
_bNational book agency
_c1994
270 _a12,Bankim Chatterjee street
_bCalcutta
_e700073
300 _a154p.
_c20cm(Hb)
650 _aSocial problem
_9241
650 _aCommunism
_911516
942 _2ddc
_cEN
_h302.14
_mMUK
999 _c126493
_d126493